AH International Schools' Libraries

Making Sense Of Spiritual Development (Record no. 49000)

MARC details
000 -LEADER
fixed length control field 00367nam a22001217a 4500
008 - FIXED-LENGTH DATA ELEMENTS--GENERAL INFORMATION
fixed length control field 250701b |||||||| |||| 00| 0 eng d
020 ## - INTERNATIONAL STANDARD BOOK NUMBER
International Standard Book Number 9780951653791
100 ## - MAIN ENTRY--PERSONAL NAME
Personal name David Smith (Author)
9 (RLIN) 86376
245 ## - TITLE STATEMENT
Title Making Sense Of Spiritual Development
260 ## - PUBLICATION, DISTRIBUTION, ETC. (IMPRINT)
Place of publication, distribution, etc United Kingdom
Name of publisher, distributor, etc The Stapleford Centre
Date of publication, distribution, etc 1999
300 ## - PHYSICAL DESCRIPTION
Extent 24 pages
Other physical details col. ill.
Dimensions 21cm x 29.5cm
942 ## - ADDED ENTRY ELEMENTS (KOHA)
Source of classification or shelving scheme
Holdings
Withdrawn status Lost status Source of classification or shelving scheme Damaged status Not for loan Collection code Home library Current library Date acquired Total Checkouts Full call number Barcode Date last seen Price effective from Koha item type
          Non-Fiction Asian Hope Siem Reap Asian Hope Siem Reap 07/01/2025   NFIC DAV 209034 07/01/2025 07/01/2025 Book

For any Logos Library related questions please contact Miss Art at swongnarasuk@asianhope.org.

For any Asian Hope Library related questions please contact Miss Raza at graza@asianhope.org.

Click here to explore our ebooks!

Powered by Koha